Pooling 2 x 2 tables: asymptotic moments of estimators.

Analýza asymptotických momentov zozbieraných odhadov, t.j. tých, ktoré boli skonštruované na dátach, zozbieraných zo všetkých tabuliek. Takéto odhady majú isté výhodné vlastnosti. Porovnanie asymptotických variancií a návrh jednoduchého testu úplnej homogenity.

Na minha lista:
Detalhes bibliográficos
Autor principal: Gart, J.J
Formato: Capítulo de Livro
Idioma:inglês
Assuntos:
Tags: Adicionar Tag
Sem tags, seja o primeiro a adicionar uma tag!

MARC

LEADER 00000naa a2200000 4500
001 r009972
005 20221213085120.5
041 0 |a eng 
044 |a GB 
245 1 0 |a Pooling 2 x 2 tables: asymptotic moments of estimators.  |c J.J. Gart 
520 |a Analýza asymptotických momentov zozbieraných odhadov, t.j. tých, ktoré boli skonštruované na dátach, zozbieraných zo všetkých tabuliek. Takéto odhady majú isté výhodné vlastnosti. Porovnanie asymptotických variancií a návrh jednoduchého testu úplnej homogenity. 
610 2 0 |a odhad štatistický 
610 2 0 |a metódy matematicko-štatistické 
100 1 |a Gart, J.J.